Most Expensive Barcelona Signings - Statistics

General Stats
  • This quiz has been taken 30 times
  • The average score is 18 of 30
Answer Stats
Amount (€) Came From Season Answer % Correct
€86.00m Ajax 19/20 Frenkie de Jong
100%
€88.00m Santos 13/14 Neymar
100%
€120.00m Atletico Madrid 19/20 Antoine Griezmann
96%
€81.72m Liverpool 14/15 Luis Suarez
96%
€148.00m Borussia Dortmund 17/18 Ousmane Dembele
96%
€135.00m Liverpool 17/18 Philippe Coutinho
96%
€58.00m Leeds United 22/23 Raphinha
89%
€69.50m Inter 09/10 Zlatan Ibrahimovic
82%
€55.00m Manchester City 21/22 Ferran Torres
75%
€60.00m Juventus 20/21 Miralem Pjanic
75%
€55.00m RB Leipzig 24/25 Dani Olmo
71%
€45.00m Bayern Munich 22/23 Robert Lewandowski
68%
€32.25m PSG 03/04 Ronaldinho
68%
€27.00m RCD Mallorca 04/05 Samuel Eto'o
64%
€40.00m Valencia 10/11 David Villa
61%
€50.00m Sevilla 22/23 Jules Kounde
57%
€35.50m Sevilla 08/09 Dani Alves
50%
€34.00m Atletico Madrid 15/16 Arda Turan
46%
€34.00m Arsenal 11/12 Cesc Fabregas
43%
€40.00m GZ Evergrande 17/18 Paulinho
39%
€37.00m Valencia 16/17 Andre Gomes
36%
€31.00m Gremio 18/19 Arthur Melo
36%
€35.90m Sevilla 18/19 Clement Lenglet
36%
€35.70m Benfica 17/18 Nelson Semedo
36%
€30.94m Braga 20/21 Francisco Trincao
29%
€35.90m River Plate 01/02 Javier Saviola
25%
€29.30m Arsenal 00/01 Marc Overmars
25%
€30.00m Athletico-PR 23/24 Vitor Roque
25%
€41.00m Girondins Bordeaux 18/19 Malcolm
21%
€30.00m Valencia 16/17 Paco Alcacer
18%
No matching quizzes found
Score Distribution
Percent of People with Each Score
Percentile by Number Answered
Your Score History
You have not taken this quiz